000 00712nam a2200265 i 4500
001 C2-0324325
003 PPAK
005 20180728122708.0
008 131210s2013 my a|||| ||||| | may d
020 _a9789673920969
040 _aPPAK
_beng
_cPPAK
_erda
082 0 4 _a780
_223
090 0 0 _a780
_bAZR
_dK
100 0 _aAzra Balqis,
_eauthor
245 1 0 _aGemalai asli Melayu
264 1 _aSeri Kembangan, Selangor :
_bPustaka Kelisa ,
_c2013
300 _aiv, 60 pages :
_billustrations ;
_c30 cm.
336 _2rdacontent
_atext
337 _2rdamedia
_aunmediated
338 _2rdacarrier
_avolume
490 1 _aSimfoni warisan
650 1 0 _aMusic
830 0 _aSimfoni warisan
942 _ddc
_cB
999 _c124295
_d124295